Poistenie v medzinárodnom obchode bakalárska práca

Saved in:
Bibliographic Details
Main Author: Masárová, Patrícia
Corporate Author: Obchodná fakulta EU. Katedra obchodného práva
Other Authors: Jurkovičová, Lujza
Format: Book
Language:Slovak
Published: Bratislava 2021
Tags: Add Tag
No Tags, Be the first to tag this record!

MARC

LEADER 00000nbm a2200000 4500
001 0276021
005 20220127122046.1
041 0 |a slo 
044 |a SK 
245 1 0 |a Poistenie v medzinárodnom obchode  |b bakalárska práca  |c Patrícia Masárová ; školiteľ: Lujza Jurkovičová 
264 1 |a Bratislava  |c 2021 
300 |a 48 s. 
100 1 |a Masárová, Patrícia 
700 1 |a Jurkovičová, Lujza 
710 2 |a Obchodná fakulta EU. Katedra obchodného práva